000 01815nam0a2200385 4500
001 RU\NLR\BIBL_A\022531973
005 20260420043858.0
010 _a978-5-04-207755-5
_91000
021 _aRU
_bКН-П-25-013006
_9КН-П-25-1308
035 _a(NLR Aleph) 022531973
090 _a13672028
_c13672028
100 _a20250428d2025 u y0rusy50 ca
101 0 _arus
102 _aRU
105 _aa z 000yy
181 0 _ai3
_baxxe
182 0 _an
200 1 _aЭто же подросток!
_eкак жить и общаться с детьми, когда они взрослеют
_fВика Дмитриева, семейный психолог, телеведущая
203 _aТекст
_bвизуальный
_cнепосредственный
210 _aМосква
_cЭксмо, Бомбора
_d2025
215 _a379 с.
_cил., табл.
_d21
225 1 _aПсихология
_iИскусство быть родителем
_iСоветуют профессионалы
300 _aВ вып. дан. авт.: Дмитриева Виктория Дмитриевна
320 _aДр. кн. авт. в конце текста
333 _a16+
606 1 _aПодростки
_xПоведение
_xПсихологические исследования
_92222265
_3RU\NLR\AUTH\661334330
606 1 _aДети и родители
_xПсихологическая служба
_92100863
_3RU\NLR\AUTH\661270599
686 1 _aЮ983.402.2
686 1 _aЮ983.62
686 1 _aЮ984.92
700 1 _7ca
_8rus
_aДмитриева
_bВ. Д.
_cсоциолог, семейный психолог
_f1986-
_gВиктория Дмитриевна
_9203406
_3RU\NLR\AUTH\770203457
942 _cBOOK
980 _aNB